LEADER 01360nam a2200289 i 4500 001 000000050329 003 CaOOAMICUS 005 20060127000000.0 008 060127s1985 it u000 u ita u 013 $a21500 020 $a8834382250 040 $aSeMil$bita 245 12$aL'immagine paterna nelle nuove dinamiche familiari /$ca cura di Pierpaolo Donati e Eugenia Scabini. 260 $aMilano :$bVita e Pensiero,$ccopyr. 1985. 300 $a175 p. :$btabelle e grafici ;$c24 cm. 490 0 $aStudi interdisciplinari sulla famiglia ;$v4 500 $aIn testa al front. : Università Cattolica del Sacro Cuore, Centro Studi e ricerche sulla Famiglia. 650 4$aFamiglia - Studi.$0(OLS)http://semarc/subject/5647 650 4$aPaternità.$0(OLS)http://semarc/subject/8410 700 1 $aScabini, Eugenia.$0(OLS)http://semarc/name/3677 700 1 $aDonati, Pierpaolo,$d<1946- >.$0(OLS)http://semarc/name/89 830 0$aStudi interdisciplinari sulla famiglia ;$v4.$0(OLS)http://semarc/title/128 850 $aSeMil 852 $aSeMil$W1$xVenegono$y1$m2E V 42$j16484$B16484$CSeMilBibl$Z2$F16484 $81 996 $6020$a8834382250$9(OLS)http://semarc/number/24027 996 $6245$aL'immagine paterna nelle nuove dinamiche familiari$9(OLS)http://semarc/title/76833 996 $6260$aMilano :$bVita e Pensiero$9(OLS)http://semarc/publisher/29642 LEADER 01012nam a2200205 i 4500 001 000000069072 003 CaOOAMICUS 005 20130503000000.0 008 130503s1855 it u000 u ita u 013 $a40244 040 $aSeMil$bita 100 1 $aVico, Giambattista ,$d<1668-1744>.$0(OLS)http://semarc/name/775 245 10$aDell'unico principio e dell'unico fine dell'universo diritto /$copera di Giovan Battista Vico ; tradotta dal latino e commentata coll'aggiunta di appendici relative alla materia dell'opera stessa da Costanzo Giani. 260 $aMilano :$bCoi tipi di Alessandro Lombardi,$c1855. 300 $a917 p. ;$c28 cm. 700 1 $aGiani, Costanzo.$0(OLS)http://semarc/name/34516 850 $aSeMil 852 $aSeMil$W1$xVenegono$y1$m2O V 28 FA$j35225$B35225$CSeMilBibl$Z2$F35228 $8I 996 $6245$aDell'unico principio e dell'unico fine dell'universo diritto$9(OLS)http://semarc/title/110534 996 $6260$aMilano :$bCoi tipi di Alessandro Lombardi$9(OLS)http://semarc/publisher/41885